000 00542nam a2200205Ia 4500
003 OSt
005 20220926044550.0
006 a|||||r|||| 00| 0
007 ta
008 220923b |||||||| |||| 00| 0 eng d
037 _cGeneral Book
040 _aRTL
_cRTL
_beng
041 _2eng
_aeng
082 _aV21,6.N5, K0
100 _aRao V Venkata
_9240716
245 0 _aHundred years of local self government and adminis
260 _c1960
942 _hV21,6.N5, K0
_cGB
_2CC
999 _c675238
_d675238